00785nam a22001937a 4500003000200000005001700002008004100019050002300060100002600083245013300109260007100242300002800313500004100341504005800382650003900440650003000479650004200509650004000551020250220104620.0250220b xxu||||| |||| 00| 0 eng d aHF 5686b.R63 2023 aRobles, Mary Shay F.  aIssues and concerns on inventory management practices as noted by selected external auditors in Makati CitycMary Shay F. Robles aLas Pinas CitybSouthville International School and Collegesc2023 ax, 127 pages ; c28cm.  aBachelor of Science in Accountancy.  aIncludes bibliographical references and appendices.  aInventory control – Philippines. aAuditing – Philippines. aInventory management – Philippines. aBusiness logistics – Philippines.